Z 19. ročníka medzinárodného filmového festivalu AGROFILM

Bibliographic Details
Main Author: Dukes, Marian (Author)
Format: Article
Language:Slovak
Subjects:

MARC

LEADER 00000nab a2200000 a 4500
001 vtls000820279
003 SK-MaSNL
005 20260304120723.0
008 250429c2002 xo 0 slo
015 |a SNBRB2003/01-00266 
035 |a CLN000171934 
035 |a (urnnbn)urn:nbn:sk:snk:ar-006ogz 
035 |a (uuid)f0c11503-97d1-46c3-abb1-d9848e347fb8 
035 |a urn:nbn:sk:snk-ab874k 
040 |a SNKBUCL  |b slo  |c SNKBUCL  |e AACR2 
041 0 |a slo 
044 |a xo  |c SK 
080 |a 791.43.091.4:791.43.05:63  |2 1997 
080 |a 791.43.05  |2 1997 
100 1 |a Dukes, Marian  |4 aut  |9 267535 
245 1 0 |a Z 19. ročníka medzinárodného filmového festivalu AGROFILM  |c Marian Dukes 
300 |b Fotogr. 
611 1 7 |a Agrofilm  |n 19.  |d 2002  |c Nitra, Slovensko  |2 snkbucl  |9 1425019 
655 7 |a články z novín a časopisov  |2 snkbucl  |9 267496 
773 0 |t Slovenský chov  |g Roč. 7, č. 11 (2002), s. 14  |x 1335-1990 
850 |a Slovenská národná knižnica 
852 |a Slovenská národná knižnica 
954 |a odborná, vedecká literatúra pôvodná (slovenská)  |2 lita 
958 |a article9 
958 |a OND 
958 |a EUIPO 
999 |c 2881171  |d 2883101